| 000 | 00341nam a2200145Ia 4500 | ||
|---|---|---|---|
| 005 | 20251222152016.0 | ||
| 008 | 251222s9999||||xx |||||||||||||| ||spa|| | ||
| 020 | _a9972992926 | ||
| 082 | _a210.1/G51 | ||
| 100 | _aGuissani, Luiggi | ||
| 245 | 0 | _aEl Sentido Religioso | |
| 250 | _a1ra.ed. | ||
| 264 | _bFondo Editorial UCSS | ||
| 942 | _cLIB | ||
| 999 |
_c25090 _d25090 |
||